Loading...
| Current Events | 2 | 10.00 | 100% | 0% | 0% |
| Fine Arts - Classical Music | 5 | 24.00 | 100% | 100% | 40% |
| Fine Arts - Other | 2 | 15.00 | 100% | 50% | 0% |
| Fine Arts - Painting and Sculpture | 6 | 10.00 | 50% | 50% | 0% |
| Geography | 1 | 20.00 | 100% | 0% | 100% |
| History - American | 3 | 16.67 | 100% | 67% | 0% |
| History - European | 4 | 17.50 | 100% | 50% | 25% |
| History - Other | 4 | 15.00 | 100% | 50% | 0% |
| History - World | 3 | 23.33 | 100% | 100% | 33% |
| Literature - American | 6 | 18.33 | 100% | 50% | 33% |
| Literature - British | 3 | 23.33 | 100% | 100% | 33% |
| Literature - European | 7 | 20.00 | 100% | 57% | 43% |
| Literature - World | 7 | 18.57 | 100% | 71% | 14% |
| Mythology | 6 | 16.67 | 100% | 67% | 0% |
| Philosophy | 4 | 10.00 | 100% | 0% | 0% |
| Popular Culture | 5 | 22.00 | 100% | 80% | 40% |
| Religion | 4 | 17.50 | 100% | 50% | 25% |
| Science - Biology | 6 | 21.67 | 100% | 100% | 17% |
| Science - Chemistry | 6 | 18.33 | 83% | 67% | 33% |
| Science - Other | 6 | 10.00 | 67% | 33% | 0% |
| Science - Physics | 7 | 7.14 | 71% | 0% | 0% |
| Social Science | 3 | 10.00 | 100% | 0% | 0% |